| 000 | 00813nam a2200205 i 4500 | ||
|---|---|---|---|
| 001 | 163388 | ||
| 003 | ES-MaACL | ||
| 005 | 20231221150409.0 | ||
| 008 | 050720s1898 mx |||| |dspa d | ||
| 100 | 1 |
_aRevilla, Manuel G. _9149915 |
|
| 245 | 1 | 0 |
_aCánovas y las letras _b: estudio crítico / _cpor Manuel G. Revilla. |
| 260 |
_aMéjico : _b[s.n.], _c1898 ( _fTipografía "El Tiempo") |
||
| 300 |
_a91 p. ; _c17 cm. |
||
| 505 | 8 | _aContiene referencias al Ateneo de Madrid | |
| 530 | _aDisponible en formato digital. | ||
| 600 | 1 | 4 |
_aCánovas del Castillo, Antonio, _d1828-1897 _934600 |
| 852 |
_aES-MaACL _jT-883-F-3 _z- Enc. hol., conservando la enc. original _z- Enc. en un vol. facticio |
||
| 856 |
_uhttps://archive.org/details/cnovasylasletra00revigoog _zInternet Archive |
||
| 999 |
_c163388 _d163388 |
||